000 00572nam a2200121Ia 4500
008 220620s9999||||xx |||||||||||||| ||und||
100 _aDevos, Isabelle||Lambrecht, Thijs||Winter, Anne
245 0 _aChapter Welfare and demography in the time of Malthus. Regional and local variations in poor relief and population developments in Flanders, c. 1750-1810
546 _aEnglish[eng]
650 _aeconomic inequality||economic history||low countries||flanders||pre-industrial age
856 _uhttps://library.oapen.org/bitstream/20.500.12657/56044/1/14221.pdf
942 _cEB
999 _c31267
_d31267